| 000 | 00839nam a2200193 a 4500 | ||
|---|---|---|---|
| 003 | 0 | ||
| 005 | 20250218145837.0 | ||
| 008 | 110617s19uu xx 00 eng d | ||
| 050 |
_aPHS HC 286.8 _b.C11 2011 |
||
| 100 | _aCabral, Joel Anthony G. | ||
| 245 |
_aIn what ways were the economic conditions of Federal Republic of Germany (FRG) different from German Democratic Republic (GDR) in the 1960's-1980's? / _cJoel Anthony G. Cabral. |
||
| 260 |
_aLas PiƱas City, Philippines : _bSouthville International School and Colleges, _c2011. |
||
| 300 |
_avarious pagination : _billustrations ; _c28 cm. |
||
| 504 | _aIncludes bibliographical references. | ||
| 650 |
_aGermany (West) _xEconomic conditions _y1945-1990. |
||
| 650 |
_aGermany (East) _xEconomic conditions _y1945-1990. |
||
| 650 |
_aGermany _xHistory _y1945-1990. |
||
| 942 |
_2lcc _cPASS |
||
| 999 |
_c98524 _d98524 |
||